000 00349nam a2200145Ia 4500
999 _c14305
_d14305
003 OSt
005 20260304155545.0
008 260210s9999 xx 000 0 und d
020 _a9789401476027
100 _a Agata Toromanoff
245 0 _aCurved: Bending Architecture
260 _b Lannoo Publishers
300 _a224 pages
942 _cUG
_2ddc